| 000 | 00509nam a2200169 i 4500 | ||
|---|---|---|---|
| 001 | 61680 | ||
| 003 | ES-MaACL | ||
| 005 | 20230906164523.0 | ||
| 007 | t| | ||
| 008 | 031113s1971 sp ||||1| spa d | ||
| 100 | 1 |
_aFare Lombardi, Enrique. _948836 |
|
| 245 | 1 | 3 |
_aLa más noble aventura _b: reflexiones misionales-vacacionales para jóvenes / _cEnrique Fare Lombardi. |
| 250 | _a5ª ed. | ||
| 260 |
_aMadrid : _bMundo negro, _c[1971] |
||
| 300 |
_a364 p. ; _c17 cm. |
||
| 852 |
_aES-MaACL _jC-40803 _bR.78901 |
||
| 999 |
_c61680 _d61680 |
||